00856nam a2200205Ia 4500003000500000005001700005008004100022020002900063040001400092082002000106100002700126245014200153260003600295300004100331521001000372942003500382999001900417952009500436952011900531322820250721115141.0210816s9999 xx 000 0 und d a9780796921079qPaperback aRDAc3228 a371.110968 REHL a Rehle, Thomas 938556 0aThe impact of antiretroviral treatment on AIDS mortality : a study focusing on educators in South African public schools cShisana, Olive a Cape TownbHSRC Pressc2005  aviii, 15 PagesbIllustrationsc29 cm aAdult cBK2ddcy470zPatience Mbowane c136532d136531 00104070aMAFELbMAFELd2021-08-17g80.00l0p33228021364789r2021-08-17w2021-08-17yBK 00102ddc40708300aBADPLbBADPLcGENd2026-03-22l0o371.110968 REHLp3322803174010r2026-03-22w2026-03-22yBK